000 01380nam a2200397 a 4500
001 25394
003 CO-ViMGA
005 20230915232056.0
006 a5393105
008 141112s2004 ck r 000 u spa d
015 _aMON1309
017 _aGI 346 - 2012 Oficina Depósito Legal Girona
020 _a9788498857702
035 _a(OCoLC)864332907
040 _aCO-ViMGA
_bspa
_cCO-ViMGA
041 _aspa
_beng
080 _a821.111(73) - 91"19"
082 0 4 _a741.5 L22s
100 1 _aLee, Stan
_938716
245 1 0 _aSpiderman :
_bdías de gloria [Stan Lee y John Romita ; con la inestimable colaboración de Don Heck ... et al., dibujo ; traducción, Santiago García, A.M.
260 _aTorroella de Montgri¡,
_cGirona Panini España ; Barcelona distribución,
_cSD Distribuciones D.L. 2012
300 _a608 p. principalmente il. col. y n. 27 cm
336 _aImagen (fija ; bidimensional ; visual) Texto (visual) isbdcontent
337 _asin mediación isbdmedia
490 _aEl asombroso Spiderman
594 _aTítulo tomado de la cubierta
650 1 4 _aCaricaturas
_913803
650 1 4 _aComics
_938717
650 1 4 _aHistorietas
_914186
650 1 4 _aSuperheroes
_938718
650 1 4 _aTiras cómicas
700 1 _aLee, Stan 1922 -
_938719
926 _aBNALCALA SG_PETANTI 12/934261 FONDO_MODE 1
942 _2ddc
_cBK
956 _a2
999 _c32992
_d32992